000 00212 a2200097 4500
001 26819
100 _aC.A.E PAF
245 _aIntroduction to operation research
260 _a
_bCAE PAF
_c
090 _c18055
_d18055
942 _aNUST-CAE
_cM
_c8953
999 _c261892
_d261892